00554nam a22001817a 4500003000400000005001700004008004100021020001800062024001800080040004600098082000800144100002000152245004500172260006000217300001000277440002800287856005700315OSt20260216100242.0160219b xxu||||| |||| 00| 0 eng d a05-721-2005-1 205-721-2005-1 cLahore University of Management Sciences  a658 aDr Nasir Afghan aORANGI CHARITABLE TRUSTcDr Nasir Afghan aLahorebLahore University of Management Sciences c2005 a17 p. aORANGI CHARITABLE TRUST uhttp://10.250.8.41:8080/xmlui/handle/123456789/56759